000 02094nam0a2200325 i 4500
001 RU\NLR\bibl\2010440
005 20241114212112.0
010 _a9785858550150
_9100
021 _aRU
_b2013-12410
_9886
035 _a(NLR Aleph) 001999002
090 _a4332155
_c4332155
100 _a20130312d2012 u y0rusy50 ca
101 0 _arus
102 _aRU
105 _aa |||||||||
200 1 _aОбеспечение ядерной безопасности при работах с металлическими делящимися материалами
_eучебное пособие для подготовки к аттестации руководителей и специалистов организаций и предприятий ЯОК по вопросам ядерной безопасности
_fЮферев В.И., Коновалов П.В.
_gГос. корпорация по атом. энергии "Росатом", Открытое акционер. о-во "Атом. энергопром. комплекс", Негос. образоват. учреждение доп. проф. образования "Центр. ин-т повышения квалификации" (НОУ ДПО "ЦИПК")
210 _aОбнинск
_cНОУ ДПО "ЦИПК"
_d2012
215 _a97 с.
_cил.
_d21
320 _aБиблиогр.: с. 96-97 (26 назв.)
606 1 _aЯдерная техника
_jУчебные издания для повышения квалификации
_xБезопасность
_92032780
_3RU\NLR\auth\661220809
606 _aЯдерные материалы
_jУчебные издания для повышения квалификации
_xКонтроль
_92465486
_3RU\NLR\auth\661464687
686 _aЗ46-03я77-1
686 _aЗ4н636
700 1 _aЮферев
_bВ. И.
_gВладимир Иванович
_4070
701 1 _aКоновалов
_bП. В.
_gПавел Витальевич
_4070
801 0 _aRU
_bNLR
_c20130312
_gRCR
801 1 _aRU
_bNLR
_c20130312
942 _cBOOK
980 _aNBR